<?xml version="1.0" encoding="UTF-8"?>
<collection xmlns:xsi="http://www.w3.org/2001/XMLSchema-instance" xsi:schemaLocation="http://www.loc.gov/MARC21/slim http://www.loc.gov/standards/marcxml/schema/MARC21slim.xsd" xmlns="http://www.loc.gov/MARC21/slim">
 <record>
  <leader>00000nam a22000004a 4500</leader>
  <controlfield tag="001">UP-8027390931311662055</controlfield>
  <controlfield tag="003">Buklod</controlfield>
  <controlfield tag="005">20260316111003.0</controlfield>
  <controlfield tag="006">m    |o  d |      </controlfield>
  <controlfield tag="007">cr an mmmaanaa</controlfield>
  <controlfield tag="008">260316s2020    gw      o  d        eng d</controlfield>
  <datafield tag="020" ind1=" " ind2=" ">
   <subfield code="a">9783947729272</subfield>
   <subfield code="a">(ebook)</subfield>
  </datafield>
  <datafield tag="037" ind1=" " ind2=" ">
   <subfield code="a">Fi-2095eb</subfield>
   <subfield code="b">EBSCO</subfield>
   <subfield code="c">$31.99</subfield>
  </datafield>
  <datafield tag="040" ind1=" " ind2=" ">
   <subfield code="a">DMLF</subfield>
   <subfield code="e">rda</subfield>
  </datafield>
  <datafield tag="041" ind1=" " ind2=" ">
   <subfield code="a">eng</subfield>
  </datafield>
  <datafield tag="042" ind1=" " ind2=" ">
   <subfield code="a">DMLUC</subfield>
  </datafield>
  <datafield tag="084" ind1=" " ind2=" ">
   <subfield code="a">NA 9053 S6</subfield>
   <subfield code="b">S28 2020eb</subfield>
  </datafield>
  <datafield tag="100" ind1="1" ind2=" ">
   <subfield code="a">Satur, Luzile</subfield>
   <subfield code="e">author.</subfield>
  </datafield>
  <datafield tag="245" ind1="1" ind2="0">
   <subfield code="a">Vibrancy of Public Spaces</subfield>
   <subfield code="b">Inclusivity and Participation Amidst the Challenges in Transformative Process in the City of Cagayan De Oro, Philippines</subfield>
   <subfield code="c">Luzile Satur.</subfield>
  </datafield>
  <datafield tag="264" ind1=" " ind2="0">
   <subfield code="a">Berlin</subfield>
   <subfield code="b">Regiospectra Verlag</subfield>
   <subfield code="c">©2020.</subfield>
  </datafield>
  <datafield tag="300" ind1=" " ind2=" ">
   <subfield code="a">[1 online resource] xiv, 199 pages</subfield>
   <subfield code="b">color illustrations.</subfield>
  </datafield>
  <datafield tag="336" ind1=" " ind2=" ">
   <subfield code="a">text</subfield>
   <subfield code="2">rdacontent</subfield>
  </datafield>
  <datafield tag="337" ind1=" " ind2=" ">
   <subfield code="a">computer</subfield>
   <subfield code="2">rdamedia</subfield>
  </datafield>
  <datafield tag="338" ind1=" " ind2=" ">
   <subfield code="a">online resource</subfield>
   <subfield code="2">rdacarrier</subfield>
  </datafield>
  <datafield tag="520" ind1="0" ind2=" ">
   <subfield code="a">This study examines the dynamics which lead to revitalization of everyday life in the public spaces of Cagayan de Oro, a medium-sized urban center in Northern Mindanao, the Philippines. By employing the oriental philosophies together with western thoughts such as Henri Lefebvre, Alain Touraine and Jürgen Habermas, this study elucidates that the core of perceived, lived and conceived spaces is ‘the Subject.’ Once the Subject utilizes the public sphere to instill social action, social space is ultimately produced. Hawkers, grassroots environmental activists, street readers and artists are the social Subjects who partake in the vibrancy of public spaces. The social Subjects utilize public spaces as venues of social transformation. Thus, this study argues that the social Subjects’ role in democratic process lead to inclusivity of the marginalized sector in the public spaces of the city.</subfield>
   <subfield code="c">Abstract</subfield>
  </datafield>
  <datafield tag="650" ind1=" " ind2="0">
   <subfield code="a">Public spaces</subfield>
   <subfield code="z">Cagayan de Oro, Philippines.</subfield>
  </datafield>
  <datafield tag="856" ind1=" " ind2="0">
   <subfield code="y">Remote access thru OpenAthens account</subfield>
   <subfield code="u">https://research.ebsco.com/c/tsnrxa/search/details/bffgcd7nt5?db=nlebk&amp;db=nlabk</subfield>
  </datafield>
  <datafield tag="905" ind1=" " ind2=" ">
   <subfield code="a">FI</subfield>
  </datafield>
  <datafield tag="852" ind1="0" ind2=" ">
   <subfield code="a">UPD</subfield>
   <subfield code="b">DMLF</subfield>
   <subfield code="h">NA 9053 S6</subfield>
   <subfield code="i">S28 2020eb</subfield>
  </datafield>
  <datafield tag="942" ind1=" " ind2=" ">
   <subfield code="a">Electronic Resource</subfield>
  </datafield>
 </record>
</collection>
